000 02473nam a22002537a 4500
003 Uzh_bibl
008 260223b |||||||| |||| 00| 0 ukr d
020 _a978-966-688-140-6
_c150.00
040 _bукр.
041 _2swe
_aukr
080 _a821(485)
090 _a821(485)
_bГ 37
100 _a Гернґрен,Муа
245 _aРозлучення
_cпер.з англ.Н.Іваничук
_hТекст
260 _aКиїв
_bНора-Друк
_c2024
300 _a332 с.
_bіл.
_fВ опр.
520 _aБеа була дуже рада проміняти задушливу літню спеку Стокгольма на відпустку на острові Ґотланд. Вона з нетерпінням чекає можливості провести літо зі своїм коханим чоловіком Нікласом, з яким живе у шлюбі тридцять два роки, та їхніми двома доньками-підлітками, а також відпочити від стресу повсякденного життя в компанії улюблених свекрів. Одного вечора, незадовго до від’їзду, Беа та Ніклас посварились, здавалось би, буденно, через незначну проблему. Ніклас іде до друга, щоб випустити пару. Але минають години, Ніклас не повертається додому, і роздратування Беа незабаром переростає в паніку… Захопливу побутову драму «Розлучення» написано з теплотою та майстерністю, завдяки яким романи Муа Гернґрен, від яких неможливо відірватися і які стали бестселерами в Швеції та за її межами, піднімають серйозні питання про те, чому стосунки розпадаються і чи завжди той, хто йде, — погана людина.
521 _aДля широкого кола читачів
546 _aукр.
650 _aЛітературно-художне видання
653 _aВідпочинок
_aСварка
_aЗникнення
655 _aСучасна зарубіжна проза
_vроман
942 _2udc
_cBK
999 _c16847
_d16847